2eme Round de Lamanif Vs Aparzite (ROAR #009) - Statistiques

Statistiques générales
  • Ce quiz a été pris 16 fois
  • Le résultat moyen est 254 sur 382
Statistiques - réponses
Réponse % Correct
à
100%
ça
100%
ce
100%
de
100%
et
100%
Et
100%
je
100%
l'
100%
la
100%
100%
Le
100%
le
100%
m'a
100%
ma
100%
Ma
100%
me
100%
qu'
100%
te
100%
tête
100%
aiment
89%
battle
89%
c'est
89%
coude
89%
coudre
89%
elles
89%
est
89%
génère
89%
horloger
89%
j'ai
89%
langue
89%
nique
89%
noeud
89%
par
89%
Pas
89%
pas
89%
sa
89%
se
89%
tu
89%
un
89%
air
78%
allemande
78%
calandre
78%
comme
78%
Comme
78%
couronne
78%
Fuck
78%
génèrent
78%
iconique
78%
Les
78%
les
78%
l'heure
78%
mes
78%
moi
78%
mon
78%
Mon
78%
montre
78%
part
78%
pneu
78%
pour
78%
Pour
78%
que
78%
sais
78%
Seiko
78%
si
78%
textes
78%
une
78%
Une
78%
voiture
78%
bah
67%
bracelet
67%
chez
67%
cite
67%
collection
67%
coup
67%
Coup
67%
c'qu'
67%
dans
67%
date
67%
des
67%
deux
67%
en
67%
il
67%
Il
67%
j'aurais
67%
juste
67%
l'feeling
67%
l'horlogerie
67%
maillons
67%
mouvement
67%
noblesse
67%
on
67%
On
67%
Patek
67%
plus
67%
Plus
67%
précis
67%
quartz
67%
quoi
67%
rap
67%
regler
67%
seconde
67%
s'explique
67%
tire
67%
Tzn
67%
va
67%
A. Lange & Söhne
56%
ancienne
56%
aucune
56%
autres
56%
avoir
56%
barz
56%
certains
56%
chronographe
56%
c'que
56%
croire
56%
disent
56%
disrespect
56%
enfant
56%
fais
56%
gag
56%
gage
56%
Jaeger-LeCoultre
56%
japonais
56%
jsais
56%
jsuis
56%
jte
56%
Jte
56%
jveux
56%
légère
56%
made
56%
Mais
56%
mais
56%
meufs
56%
ou
56%
pendules
56%
Philippe
56%
pornographe
56%
prend
56%
qualité
56%
qui
56%
remettre
56%
rentrer
56%
ressentir
56%
ROAR
56%
roi
56%
rounds
56%
secousse
56%
soixantaine
56%
sur
56%
Swatch
56%
Swiss
56%
ta
56%
tes
56%
tout
56%
vas
56%
aussi
44%
bêta
44%
bite
44%
Car
44%
chaque
44%
cochonneries
44%
coeur
44%
comique
44%
comment
44%
concurrence
44%
cul
44%
Donc
44%
donné
44%
doucement
44%
D'une
44%
d'xHamster
44%
faille
44%
faire
44%
fesses
44%
fisté
44%
J'connais
44%
jdevrais
44%
jfais
44%
l'abattre
44%
l'associant
44%
l'ISS
44%
l'mécanisme
44%
l'OMEGA
44%
masse
44%
MC
44%
m'égalisera
44%
mis
44%
m'payer
44%
Orient & Citizen
44%
oscillante
44%
pousse
44%
prochain
44%
qu'une
44%
rejoins
44%
Rolex
44%
running
44%
série
44%
Speedmaster
44%
trop
44%
version
44%
vie
44%
vise
44%
Buckingham
33%
choc
33%
content
33%
d'apres
33%
d'être
33%
dix
33%
écrire
33%
energie
33%
épaisse
33%
finisse
33%
jusqu'à
33%
l'apartheid
33%
meure
33%
minutieux
33%
mixtes
33%
mort
33%
onde
33%
peut
33%
profond
33%
sang
33%
science
33%
t'demandes
33%
toilettes
33%
Toujours
33%
trône
33%
y'a
33%
50 Cent
22%
but
22%
C'était
22%
cynique
22%
dizaines
22%
d'katana
22%
d'réussir
22%
fister
22%
j'espere
22%
Jvais
22%
laisse
22%
l'thème
22%
m'reprochera
22%
n'baises
22%
qu'ton
22%
saigne
22%
sois
22%
zizi
22%
blesser
11%
c'battle
11%
complications
11%
c'qui
11%
décès
11%
discours
11%
IWC
11%
t'coûtes
0%
Aucun quiz correspondant
Distribution des résultats
% des personnes avec chaque résultat
Percentile par nombre de réponses
Votre historique - résultats
Vous n’avez pas pris ce quiz